000 01276nam a2200277Ia 4500
999 _c37594
_d37594
001 3566
003 GE_BSU
005 20190528173018.0
008 181216s2009|||| |||||||||||||| ||geo||
020 _a9789941126901
040 _cGE_BSU
041 _ageo
080 _a621.791.7(075.3)+69 ე-54
245 _aელექტროშედუღება მშენებლებისათვის : სახელმძღვ. /
_cბ. კუტუბიძე ; ,ო. ჯანელიძე ; მ. ფარტენაძე ; ე. თოფურია ; რედ : მ. დონაძე.
264 _aთბილისი :
_bუნივერსალი,
_c2009.
300 _a111 გვ .:
_bილ ;
_c21 სმ;
504 _aბიბლიოგრ.:გვ.108-109.
653 _aელექტროშედუღება მშენებლებისათვის
653 _aელექტროშედუღება
700 _aკუტუბიძე, ბ
_91745
700 _aჯანელიძე, ო
_91746
700 _aფარტენაძე, მ
_91747
700 _aთოფურია,ე
_91748
700 _aდონაძე,მ
_eრედაქტორი
_91749
942 _cBK
_2udc